000 00706nam a2200241Ia 4500
003 OSt
005 20220923213058.0
006 a|||||r|||| 00| 0
007 ta
008 220922b |||||||| |||| 00| 0 hin d
024 _a158,792
037 _cTextual
040 _aARTS
_cARTS
_bhin
041 _2hin
_ahin
082 _aO152,1:g, J9
100 _aजैन, फूलचन्द
245 0 _aहिन्दी और उसके कलाकार
246 _aHindī aur usake kalākāra
260 _c1959
650 _aहिन्दी साहित्य
_9156264
942 _hO152,1:g, J9
_cTEXL
_2CC
999 _c313539
_d313539